000 00548nam a2200217Ia 4500
003 OSt
005 20220928145533.0
006 a|||||r|||| 00| 0
007 ta
008 220927b |||||||| |||| 00| 0 eng d
024 _a81085
037 _cTextual
040 _aSDCL
_cSDCL
_beng
041 _2eng
_aeng
082 _aO-,3N154,1, L9
100 _aBenchley Nathaniel
_9513316
245 0 _aPortrait of a scoundrel.
260 _c1979
942 _hO-,3N154,1, L9
_cTEXL
_2CC
999 _c833959
_d833959